[Event "Floripa Chess Open 2024"]
[Site "Florianopolis"]
[Date "2024.01.22"]
[Round "3.116"]
[White "Ataide, Gerson Britto"]
[Black "Pessoa, Marcio De Souza"]
[Result "0-1"]
[WhiteElo "1463"]
[BlackElo "1846"]
[PlyCount "102"]
[EventDate "2024.01.20"]
[EventRounds "10"]
[EventCountry "BRA"]

1. e4 c6 2. d4 d5 3. Nc3 dxe4 4. Nxe4 Nf6 5. Nxf6+ gxf6 6. Nf3 Bf5 7. Bf4 e6 8.
Bd3 Bg6 9. O-O Bd6 10. Bxd6 Qxd6 11. Re1 Nd7 12. Qe2 O-O-O 13. Rad1 Rdg8 $146 (
{RR} 13... Rhg8 14. Qe3 Kb8 15. c4 Bxd3 16. Rxd3 Rg4 17. Red1 f5 18. Ne5 Rg7
19. Nxd7+ Rxd7 20. d5 cxd5 21. cxd5 e5 22. Rc1 f6 23. Ra3 b6 24. Rd3 Rc7 25.
Rxc7 Rxc7 26. g3 Rc2 27. Rd2 Rc1+ 28. Kg2 {Kurzynsky,M-Rechmann,P Dortmund
1989 0-1 (45)}) ({RR} 13... Kb8 14. c4 c5 15. dxc5 Qxc5 {1/2-1/2 (15) Campo
Millan,D (2062)-Alonso Blasco,J (2064) Aragon 2016}) 14. Bxg6 hxg6 15. c4 g5
16. g3 c5 17. dxc5 Qxc5 18. Qe3 Qxe3 19. Rxe3 g4 20. Nh4 Ne5 21. b3 Rd8 22.
Ree1 Kc7 23. Kg2 Nd3 24. Rf1 Nb2 25. Rxd8 Rxd8 26. f3 Nd1 27. Re1 Rd2+ 28. Kg1
Nf2 29. fxg4 Nxg4 30. Ng2 Rxa2 31. h3 Ne5 32. Rb1 Kd6 33. h4 Ke7 34. Rc1 Rb2
35. Rc3 Nc6 36. Kh2 Nd4 37. Kh3 Rxb3 38. Rxb3 Nxb3 39. h5 Kf8 40. Ne3 Kg7 41.
Kh4 f5 42. g4 fxg4 43. Nxg4 Nc5 44. Kg5 Ne4+ 45. Kf4 Nd6 46. c5 Nf5 47. Kg5 a5
48. h6+ Nxh6 49. Nxh6 f6+ 50. Kh5 f5 51. Kg5 a4 0-1

[Event "Floripa Chess Open 2024"]
[Site "Florianopolis"]
[Date "2024.01.22"]
[Round "3.117"]
[White "Karoly, Carlos Acacio Gomes"]
[Black "Pavao, Alice Lara Biasi"]
[Result "1/2-1/2"]
[WhiteElo "1846"]
[BlackElo "1517"]
[PlyCount "121"]
[EventDate "2024.01.20"]
[EventRounds "10"]
[EventCountry "BRA"]

1. Nf3 Nf6 2. g3 g6 3. b3 Bg7 4. Bb2 O-O 5. c4 c5 6. Bg2 Nc6 7. O-O d5 8. cxd5
Nxd5 9. Bxg7 Kxg7 10. d4 cxd4 11. Nxd4 Ndb4 12. Nxc6 Nxc6 13. Qc1 ({RR} 13. Nc3
Qa5 14. Qc2 Be6 15. Bxc6 bxc6 16. Na4 Rfd8 17. Rfd1 Rxd1+ 18. Rxd1 Rd8 19. Rxd8
Qxd8 20. Nc5 Bh3 21. Nd3 Qd6 22. Qc3+ Kg8 23. f3 Qa3 24. Qd2 Qd6 25. Qc3 Qa3
26. g4 Qxa2 27. Nf4 Qb1+ {Bosc,S (2210)-Lataste,Y (1946) Mont de Marsan FRA
2023 1/2-1/2 (45)}) 13... Qb6 14. Nc3 e5 $146 ({RR} 14... Bf5 15. Rd1 Qc5 16.
Rd5 Qb6 17. Rb5 Qc7 18. Qb2 f6 19. Nd5 Qd7 20. Ne3 Be6 21. Rd1 Qc7 22. Rc1 Rac8
23. Rbc5 Qb6 24. Nd5 Bxd5 25. Bxd5 a6 26. Qc3 Na7 27. Qe3 Nc6 28. Bxc6 Rxc6 29.
Qxe7+ {Ianov,V (2386)-Rat,D (2241) Nyiregyhaza 2001 1-0 (52)}) 15. Nd5 Qd8 16.
Rd1 Nd4 17. Qb2 Be6 18. Ne3 Qb6 19. Nd5 Bxd5 20. Bxd5 Qb5 21. Bc4 Qc5 22. Rac1
Qe7 23. e3 Nf5 24. Rd5 f6 25. Rcd1 Rfd8 26. Qd2 Rxd5 27. Qxd5 Re8 28. a4 a6 29.
h4 h5 30. a5 Qc7 31. Kf1 Nh6 32. Ke2 Re7 33. e4 b5 34. axb6 Qxb6 35. Qd6 Qa7
36. Qxa6 Qc5 37. Qd6 Qa7 38. f3 f5 39. Be6 fxe4 40. fxe4 Rb7 41. Qxe5+ Kh7 42.
Rd2 Re7 43. Qd6 Nf7 44. Qd5 Qa6+ 45. Qc4 Qxe6 46. Qxe6 Rxe6 47. Rd7 Kg7 48. Ke3
Rb6 49. Rd3 Ne5 50. Rc3 Kf6 51. Kd4 Rd6+ 52. Ke3 Ra6 53. b4 Rb6 54. Rb3 Nc6 55.
b5 Na5 56. Rb4 Nc6 57. Rb3 Na7 58. Kf4 Rxb5 59. Rxb5 Nxb5 60. g4 hxg4 61. Kxg4
1/2-1/2

[Event "Floripa Chess Open 2024"]
[Site "Florianopolis"]
[Date "2024.01.22"]
[Round "3.118"]
[White "De Oliveira, Jairo Quintiliano"]
[Black "Gomes, Joao Paulo Santos"]
[Result "1-0"]
[WhiteElo "1840"]
[BlackElo "1514"]
[PlyCount "93"]
[EventDate "2024.01.20"]
[EventRounds "10"]
[EventCountry "BRA"]

1. e4 {Rogozenco,D} c5 2. Nf3 d6 3. d4 cxd4 4. Nxd4 Nf6 5. Nc3 g6 6. Be3 Bg7 7.
f3 Nc6 8. Qd2 h5 9. O-O-O ({RR} 9. Bc4 Bd7 10. Bb3 Na5 11. O-O Rc8 12. Nd5 Nxd5
13. exd5 Qc7 ({RR} 13... O-O 14. f4 ({RR} 14. Rae1) ({RR} 14. Kh1)) 14. Qd3 Nc4
15. Ne6 fxe6 16. dxe6 Bxe6 17. Qxg6+ Kd7 18. Qxg7 Rhg8 19. Qd4 a6 20. Rf2 h4
21. Qxh4) 9... Bd7 10. Bc4 ({RR} 10. Kb1 Rb8 ({RR} 10... a6 11. Nd5 ({RR} 11.
h3) 11... O-O 12. Nxf6+ Bxf6 13. h4 ({RR} 13. Nb3) 13... Qb6 14. c3 Qa5 15. Nb3
Qa4) 11. h3 a6 12. Qf2 Qc8 13. Be2 b5 14. g4 b4 15. Nd5 Nxd5 16. exd5 Na5 17.
Rhe1 Bf6 18. Bf4 Kf8 19. Qe3) 10... Rc8 11. Bb3 Na5 ({RR} 11... a6 12. Rhe1 O-O
13. Kb1 Re8 14. h3 Qa5 ({RR} 14... h4 15. Nxc6 ({RR} 15. Qf2)) 15. g4 Ne5 16.
Bh6 Bh8 17. f4 Nc4 18. Bxc4 Rxc4 19. Nb3 Qd8 20. e5 Nxg4 21. hxg4 Bxg4 22. exd6
Kh7 23. Bg5 f6 24. Qd5 Rxc3 25. Qf7+ Bg7 26. Bxf6 {Macieja,B (2653)-Shabalov,A
(2623) Bermuda 2004 CBM 099 [Rogozenco,D] 1-0}) 12. Kb1 Nxb3 $146 ({RR} 12...
Nc4 13. Bxc4 Rxc4 14. h3 a6 15. g4 b5 16. g5 Nh7 17. Nde2 Be6 18. Nd5 O-O 19.
h4 Re8 20. Bd4 Bxd4 21. Nxd4 Nf8 22. Ne3 Rc5 23. f4 Qa8 24. f5 Bd7 25. Nd5 Rxd5
26. exd5 Qxd5 27. fxg6 {Fichtl,J-Ujtelky,M Ostrava 1960 0-1 (42)}) ({RR} 12...
Nc4 13. Bxc4 Rxc4 14. Rhe1 O-O 15. Nb3 ({RR} 15. h3) 15... Qc7 16. Bh6 ({RR} 
16. h3) 16... Bxh6 17. Qxh6 Rc8 18. Qg5 a6 19. e5 dxe5 20. Rxe5 Bf5 21. Rxf5
Nh7 22. Qe3 Rxc3 ({RR} 22... gxf5 23. Nd5) 23. Qxc3 gxf5 24. Qd3) ({RR} 12...
a6 13. h3 h4 14. Rhe1 Rh5 15. Nde2 Nc4 16. Bxc4 Rxc4 17. b3 Rc8 18. Nf4 Re5 19.
Nfd5 Nxd5 20. Nxd5 Be6 21. Nf4 Qd7 22. Bd4 Qc6 23. Nd3 f6 24. Nxe5 dxe5 25. Bb2
b5 26. Re2 Kf7 27. Qe1) ({RR} 12... Nc4 13. Bxc4 Rxc4 14. Nb3 b6 15. Bd4 Be6
16. Qf2 Qc8 17. h3 h4 18. Rhe1 Rh5 19. f4 Kf8 20. Qe2 a5 21. f5 gxf5 22. Bxf6
Bxf6 23. Qxh5 a4 24. Nd4 Rxd4 25. Rxd4 Bxd4 26. e5 Ke8 27. Qh8+ {Brkic,A (2622)
-Sinanovic,M (2302) Sarajevo BIH 2023 1-0 (34)}) ({RR} 12... Nc4 13. Bxc4 Rxc4
14. Nb3 a6 15. e5 dxe5 16. Nd5 Nxd5 17. Qxd5 Qc8 18. Nc5 Be6 19. Nxe6 fxe6 20.
Qd3 Kf7 21. Rhe1 Qc6 22. b3 Rc3 23. Qe4 Rc8 24. Re2 Qb5 25. Bd2 Rxc2 26. f4
R8c4 27. Qe3 {Massoni,M (2274)-Laurent,J (2319) Guingamp 2010 0-1}) 13. axb3 a6
14. Rhe1 b5 15. Nd5 Bc6 16. Nxc6 Rxc6 17. Nb4 Rc8 18. e5 dxe5 19. Qxd8+ Rxd8
20. Rxd8+ Kxd8 21. Rd1+ Kc8 22. Nxa6 Rd8 23. Rxd8+ Kxd8 24. c4 Kc8 25. Kc2 Ne8
26. Bc5 e6 27. cxb5 Kb7 28. Kd3 Nf6 29. Nb4 Nd7 30. Be3 Bf6 31. Nc6 Nb6 32.
Na5+ Kc7 33. Bxb6+ Kxb6 34. Nc4+ Kxb5 35. Nd6+ Kb4 36. Nxf7 e4+ 37. Kxe4 Bxb2
38. Nd8 Bf6 39. Nxe6 Kxb3 40. Nf4 Kc4 41. Nxg6 Kc5 42. Kf5 Bd8 43. Nf4 Kd6 44.
Nxh5 Ke7 45. Kg6 Kf8 46. Nf6 Bc7 47. h4 1-0

[Event "Floripa Chess Open 2024"]
[Site "Florianopolis"]
[Date "2024.01.22"]
[Round "3.119"]
[White "Perondi, Rodolfo Antonio"]
[Black "Justiniano Flores, Luis Fernando"]
[Result "1-0"]
[WhiteElo "1840"]
[BlackElo "1486"]
[PlyCount "149"]
[EventDate "2024.01.20"]
[EventRounds "10"]
[EventCountry "BRA"]

1. e4 c5 2. Nf3 e6 3. d4 cxd4 4. Nxd4 a6 5. Be2 Qc7 6. O-O Nf6 7. Bf3 Nc6 8.
Nxc6 ({RR} 8. Bg5 Be7 9. Nc3 O-O 10. Re1 Ne5 11. Be2 h6 12. Be3 d6 13. f4 Ng6
14. Bf3 e5 15. Nde2 b5 16. f5 Nh4 17. Nd5 Nxd5 18. Qxd5 Bb7 19. Qd3 d5 20. Ng3
Rad8 21. Bd1 dxe4 22. Qe2 Bc5 {Mishchuk,M (1586)-Mosesov,D (2453) Lviv UKR
2023 0-1 (35)}) 8... bxc6 9. c4 Rb8 ({RR} 9... Bd6 10. h3 Rb8 11. Nc3 c5 12.
Qc2 Ng8 13. g3 Ne7 14. Bg2 Nc6 15. f4 Be7 16. b3 d6 17. Be3 Bb7 18. Rad1 O-O
19. Kh1 Rfd8 20. Rd2 Bf6 21. Ne2 Nb4 22. Qb1 a5 23. Bg1 a4 24. Rfd1 {Jose
Queralto,D (2190)-Becerra Rivero,J (2545) Andorra 1996 0-1 (33)}) 10. Nc3 Bb4
$146 ({RR} 10... Bd6 11. g3 h5 12. h4 Be5 13. Na4 c5 14. Re1 Rb4 15. a3 Rxc4
16. Qb3 Qa5 17. Qxc4 Qxe1+ 18. Kg2 d6 19. Nxc5 Qa5 20. Nd3 Bb7 21. Nxe5 dxe5
22. Bg5 Ng4 23. b4 Qb5 24. Qxb5+ axb5 25. Be2 {Casas,F-Behrensen,J Mar del
Plata 1958 1/2-1/2 (56)}) ({RR} 10... Bd6 11. g3 h5 12. Re1 Be5 13. Bg2 c5 14.
f4 Bd4+ 15. Be3 Bxe3+ 16. Rxe3 Rxb2 17. e5 Ng4 18. Re2 Rxe2 19. Qxe2 g6 20. Ne4
O-O 21. Rb1 Kg7 22. Nd6 Kh7 23. Qd2 Kg8 24. Nxc8 Qxc8 25. h3 {Kothe,H (1794)
-Schammo,J (2103) Dresden 2008 0-1 (47)}) 11. Ne2 Bd6 12. g3 h5 13. h4 Be5 14.
Qc2 Qb6 15. Rb1 c5 16. Nf4 Bb7 17. Re1 Qc7 18. Kg2 Kf8 19. Bd2 Bc6 20. b3 Qb7
21. Re2 Rh7 22. Rbe1 Rd8 23. Nd5 Ng4 24. Ba5 Re8 25. Qd3 Bd4 26. e5 g6 27. Nf4
Qb8 28. Bc3 Bxf3+ 29. Qxf3 Bxc3 30. Qxc3 Nh6 31. Qa5 Qa7 32. Rd2 Rc8 33. Red1
Rc7 34. Rd6 Qb7+ 35. f3 Nf5 36. R6d3 Nd4 37. Rxd4 cxd4 38. Rxd4 Ke8 39. Nh3 Qc8
40. Ng5 Rc5 41. Qe1 Rh8 42. Ne4 Ke7 43. Qb4 Kf8 44. Qxc5+ Kg7 45. Qxc8 Rxc8 46.
Rxd7 a5 47. Rxf7+ Kg8 48. Rf6 a4 49. Rxg6+ Kh7 50. Rxe6 axb3 51. axb3 Rb8 52.
Nf6+ Kg7 53. Nxh5+ Kh7 54. Re7+ Kh6 55. Nf6 Rxb3 56. Ne4 Kg6 57. c5 Rb2+ 58.
Kf1 Rc2 59. Ke1 Kf5 60. Kd1 Ra2 61. c6 Ra1+ 62. Kc2 Ra2+ 63. Kb3 Ra6 64. c7
Rb6+ 65. Ka4 Rc6 66. c8=Q+ Rxc8 67. Nd6+ Kg6 68. Nxc8 Kf5 69. Nd6+ Kg6 70. Rf7
Kh6 71. e6 Kg6 72. e7 Kh5 73. e8=Q Kh6 74. Qh8+ Kg6 75. Qg8+ 1-0

[Event "Floripa Chess Open 2024"]
[Site "Florianopolis"]
[Date "2024.01.22"]
[Round "3.121"]
[White "Altenhofen, Rafael Graneto"]
[Black "Viana, Daniel Fernandes"]
[Result "0-1"]
[WhiteElo "1446"]
[BlackElo "1830"]
[PlyCount "56"]
[EventDate "2024.01.20"]
[EventRounds "10"]
[EventCountry "BRA"]

1. d4 Nf6 2. c4 g6 3. f3 Bg7 4. Nc3 O-O 5. e4 d6 6. Be3 c5 7. Nge2 Nc6 8. Qd2
Qa5 9. d5 Ne5 10. Nc1 a6 11. Nb3 Qc7 ({RR} 11... Qb4 12. Nb1 Qa4 13. Nc3 Qb4
14. Nb1 Qa4 15. Qc2 e6 16. Nc3 Qe8 17. a4 exd5 18. cxd5 Nfd7 19. Be2 f5 20. a5
Nf6 21. Nd2 fxe4 22. Ndxe4 Nxe4 23. Nxe4 Bf5 24. h3 Bxe4 25. Qxe4 Qd7 26. Qa4 {
Drazic,S (2282)-Stankovic,B (2264) Bajina Basta SRB 2023 0-1 (78)}) 12. Be2 e6
13. O-O exd5 14. Nxd5 $146 ({RR} 14. exd5 Re8 15. Rfe1 h5 16. Bh6 Nh7 17. Bxg7
Kxg7 18. f4 Ng4 19. Bxg4 Bxg4 20. Ne4 Bf5 21. Qc3+ f6 22. Ng3 Qd7 23. Re3 Rxe3
24. Qxe3 Bc2 25. Re1 Kf8 26. Na1 Ba4 27. Qd3 Re8 28. Rf1 h4 {Schandorff,L  
(2497)-Petersen,T (2324) Helsingor 2011 1/2-1/2 (42)}) 14... Nxd5 15. exd5 Rb8
16. f4 Ng4 17. Bxg4 Bxg4 18. a4 b5 19. cxb5 axb5 20. a5 Rfe8 21. h3 Bd7 22.
Rfe1 b4 23. Bf2 Rxe1+ 24. Rxe1 Ba4 25. Nc1 Qxa5 26. Re7 Bf6 27. Re2 Bb5 28. Re4
Qa1 0-1

[Event "Floripa Chess Open 2024"]
[Site "Florianopolis"]
[Date "2024.01.22"]
[Round "3.122"]
[White "Pimenta, Elisandro Da Silva"]
[Black "Braga, Kaio Santos"]
[Result "1-0"]
[WhiteElo "1829"]
[BlackElo "1442"]
[PlyCount "89"]
[EventDate "2024.01.20"]
[EventRounds "10"]
[EventCountry "BRA"]

1. e4 c5 2. Nf3 d6 3. Nc3 a6 4. d4 cxd4 5. Nxd4 Nf6 6. Be3 e5 7. Nb3 Be6 8. Qd2
Be7 9. f3 h5 10. O-O-O Nbd7 11. Be2 Qc7 12. Kb1 b5 13. Nd5 Bxd5 14. exd5 Rc8
15. c3 Nb6 16. Bxb6 Qxb6 17. Qd3 g6 18. h4 $146 ({RR} 18. Nd2 h4 19. Ne4 Nh5
20. g3 f5 21. Nd2 Kf7 22. f4 e4 23. Nxe4 fxe4 24. Qxe4 Ng7 25. Bd3 Rh6 26. gxh4
Re8 27. Rhg1 Bf6 28. Qg2 Nf5 29. h5 Ne3 30. Bxg6+ Kf8 31. Qf2 Re7 32. Rd3 Nc4 {
Magee,R (1981)-Menezes,C (2279) Prague 2012 0-1 (43)}) 18... Rb8 19. g4 a5 20.
g5 Nd7 21. Rhf1 a4 22. Nd2 b4 23. c4 a3 24. Nb3 Qa7 25. Rd2 axb2 26. f4 exf4
27. Rxb2 Ne5 28. Qe4 Qe3 29. Rxf4 Qc3 30. Rc2 Qe1+ 31. Rc1 Qg3 32. c5 O-O 33.
c6 Rfe8 34. c7 Ra8 35. Qxb4 Nd3 36. Bxd3 Qxd3+ 37. Rc2 Qxd5 38. Qc4 Qxc4 39.
Rfxc4 Rec8 40. Nd4 Kf8 41. Rb2 d5 42. Rc6 Ke8 43. Nf3 Ra7 44. Rb8 Ra8 45. Rxa8
1-0

[Event "Floripa Chess Open 2024"]
[Site "Florianopolis"]
[Date "2024.01.22"]
[Round "3.123"]
[White "Bieging, Luca Jurgen"]
[Black "Rodriguez Farias, Eduardo"]
[Result "1-0"]
[WhiteElo "1436"]
[BlackElo "1829"]
[PlyCount "91"]
[EventDate "2024.01.20"]
[EventRounds "10"]
[EventCountry "BRA"]

1. e4 c5 2. Nf3 Nc6 3. d4 cxd4 4. Nxd4 Nf6 5. Nc3 e5 6. Ndb5 d6 7. Bg5 a6 8.
Bxf6 gxf6 9. Na3 b5 10. Nd5 Bg7 11. c4 Nd4 12. cxb5 f5 13. b6 O-O 14. Bd3 Bb7
15. Nc4 Bxd5 16. exd5 e4 17. Be2 $146 ({RR} 17. Bb1 Re8 18. Qa4 Qg5 19. O-O
Nf3+ 20. Kh1 Qf4 21. g3 Qg4 22. Kg2 Ng5 23. Kg1 Qh3 {0-1 (23) Schaefer,A (2013)
-Guennigmann,M (1949) Bendorf 2006}) 17... Qg5 18. O-O f4 19. f3 f5 20. Nd2
Rae8 21. Nb3 Rf6 22. Nxd4 Rg6 23. g4 fxg3 24. h3 Qe3+ 25. Kg2 Bxd4 26. fxe4
Bxb6 27. Bh5 Qxe4+ 28. Bf3 Qb4 29. Qc2 Rg7 30. a3 Qf4 31. Bh5 Qe4+ 32. Qxe4
Rxe4 33. Rxf5 Rd4 34. Bg4 Rd2+ 35. Kxg3 Bd4 36. Raf1 h5 37. Rxh5 Bxb2 38. a4
Be5+ 39. Kf3 Rd4 40. Ke3 Rxa4 41. Be6+ Rf7 42. Rxf7 Ra3+ 43. Kd2 Ra2+ 44. Kc1
Ra1+ 45. Kc2 Ra2+ 46. Kd3 1-0

[Event "Floripa Chess Open 2024"]
[Site "Florianopolis"]
[Date "2024.01.22"]
[Round "3.124"]
[White "Barbosa, Flavio Novais"]
[Black "Ruvieri, Daniel Minami"]
[Result "1-0"]
[WhiteElo "1827"]
[BlackElo "1437"]
[PlyCount "69"]
[EventDate "2024.01.20"]
[EventRounds "10"]
[EventCountry "BRA"]

1. d4 Nf6 2. c4 e6 3. Nf3 Be7 4. g3 d5 5. Bg2 O-O 6. O-O dxc4 7. Ne5 Nc6 8.
Nxc6 bxc6 9. Na3 Bxa3 10. bxa3 Nd5 11. Qa4 Nb6 12. Qxc6 Rb8 13. Bf4 Bb7 14.
Qxc7 Bxg2 15. Qxd8 Rfxd8 $146 ({RR} 15... Rbxd8 16. Kxg2 Rxd4 17. Be3 Rd7 18.
Bxb6 axb6 19. Rfc1 Rc8 20. Rab1 Rc6 21. a4 Kf8 22. Rc3 Rd5 23. Rb4 Rdc5 24. Kf3
Ke7 25. e4 g5 26. h3 Kf6 27. Ke3 h5 28. Kd4 e5+ 29. Ke3 g4 30. hxg4 {Bischoff,
K-Goehring,K Stuttgart 1979 1/2-1/2 (36)}) ({RR} 15... Rbxd8 16. Kxg2 Rxd4 17.
Be3 Rd7 18. Bxb6 axb6 19. Rfc1 Rc8 20. Rab1 Rd6 21. Rc3 e5 22. Rb4 Rdc6 23. Rb5
f6 24. h4 Kf7 25. Kf3 Ke6 26. e4 Rd8 27. Ke3 Rd1 28. Rb4 Rd4 29. f4 Kd6 30. a4
{Galyga,Z (2154)-Osipow,N (2216) Chorzow 2008 0-1 (61)}) 16. Kxg2 Rb7 17. Rfc1
Rxd4 18. Be3 Rd8 19. Rab1 h6 20. Rb4 Rc7 21. Rxb6 axb6 22. Bxb6 Rcd7 23. Bxd8
Rxd8 24. Rxc4 Rd2 25. Kf3 Rxa2 26. Rc8+ Kh7 27. Ra8 Kg6 28. a4 Kf5 29. a5 Ra3+
30. e3 e5 31. g4+ Ke6 32. a6 Kd7 33. Ke4 f6 34. a7 Ke7 35. Rg8 1-0

[Event "Floripa Chess Open 2024"]
[Site "Florianopolis"]
[Date "2024.01.22"]
[Round "3.125"]
[White "Ulrich, Henning"]
[Black "Da Silva, Leticia Alice"]
[Result "0-1"]
[WhiteElo "1822"]
[BlackElo "1435"]
[PlyCount "64"]
[EventDate "2024.01.20"]
[EventRounds "10"]
[EventCountry "BRA"]

1. e4 e5 2. Nf3 Nc6 3. Bc4 Nf6 4. d3 Bc5 5. c3 d6 6. h3 Bb6 7. b4 ({RR} 7. Nbd2
Ne7 8. O-O O-O 9. Re1 c6 10. Bb3 Ng6 11. Nf1 d5 12. Ng3 dxe4 13. dxe4 Qxd1 14.
Rxd1 h6 15. Re1 Rd8 16. Be3 Bxe3 17. Rxe3 a5 18. a4 Kf8 19. Ree1 b6 20. Rad1
Ba6 21. Bc2 Bc4 {Esipenko,A (2716)-Carlsen,M (2847) Krasnaya Polyana RUS 2021
1/2-1/2 (85)}) 7... h6 8. a4 a5 ({RR} 8... a6 9. Qb3 O-O 10. a5 Ba7 11. Nbd2
Qe7 12. Nf1 Be6 13. Be3 Rad8 14. Bxa7 Nxa7 15. Ne3 Nb5 16. O-O Nh5 17. Rad1 Nf4
18. Rfe1 c6 19. d4 Qf6 20. Bxe6 Qxe6 21. Qxe6 fxe6 22. dxe5 Nxc3 23. Rxd6 {
Bagrationi,A (2454)-Acor,C (2240) chess.com INT 2023 0-1 (31)}) 9. b5 $146 ({RR
} 9. bxa5 Nxa5 10. Ba2 Qe7 11. Be3 Bxe3 12. fxe3 Be6 13. Bxe6 Qxe6 14. c4 O-O
15. O-O c6 16. Nc3 Rfd8 17. Nh4 d5 18. exd5 cxd5 19. cxd5 Nxd5 20. Nxd5 Rxd5
21. Nf5 Kh7 22. e4 Rd7 23. Rb1 Rad8 {Yanes Canizares,A (2280)-Gomez Fontal,F  
(2373) Havana 2013 1-0 (32)}) 9... Ne7 10. Qe2 Ng6 11. Na3 O-O 12. Nc2 d5 13.
Bb3 Re8 14. g3 Be6 15. Rb1 Qd7 16. h4 Bg4 17. Bd2 Rad8 18. exd5 e4 19. dxe4
Nxe4 20. Ne3 Nxd2 21. Kxd2 Bxe3+ 22. fxe3 Ne5 23. Nxe5 Rxe5 24. Qg2 c6 25. c4
Qe7 26. Rhe1 cxd5 27. cxd5 Qb4+ 28. Kd3 Rc8 29. Qb2 Qe4+ 30. Kd2 Qg2+ 31. Kd3
Bf5+ 32. Kd4 Qe4# 0-1

[Event "Floripa Chess Open 2024"]
[Site "Florianopolis"]
[Date "2024.01.22"]
[Round "3.126"]
[White "Spieker, Otavio Schmidt"]
[Black "Marques Junior, Marcos Antonio"]
[Result "0-1"]
[WhiteElo "1432"]
[BlackElo "1818"]
[PlyCount "138"]
[EventDate "2024.01.20"]
[EventRounds "10"]
[EventCountry "BRA"]

1. e4 c5 2. Nc3 e6 3. f4 d5 4. g3 Nc6 5. Nf3 dxe4 6. Nxe4 Be7 7. Bg2 Nf6 8. Nf2
({RR} 8. Qe2 O-O 9. c3 Qc7 10. O-O b6 11. Nf2 Bb7 12. Re1 Rad8 13. d3 Rd7 14.
Bd2 Rfd8 15. Rad1 Bf8 16. Bc1 Ne7 17. Ne5 Rd6 18. Nc4 R6d7 19. Ne5 Rd6 20. Nc4
R6d7 21. Ne5 Rd6 {1/2-1/2 (21) Kasimdzhanov,R (2661)-Harikrishna,P (2719) ICC
INT 2020}) ({RR} 8. Nxf6+ Bxf6 9. O-O O-O 10. d3 Qc7 11. Rb1 b6 12. Qe2 Bb7 13.
Be3 Rac8 14. Rfd1 Rfd8 15. Rd2 Nd4 16. Qf2 Bd5 17. a3 Qb7 18. Ne1 Nf5 19. c3
Rd7 20. Bxd5 Qxd5 21. Rbd1 h5 22. Nf3 Rcd8 {Lim,K (1480)-Lam,C (1744) Penang
MAS 2023 0-1 (47)}) 8... O-O 9. O-O Bd7 $146 ({RR} 9... Qc7 10. d3 Bd7 11. Bd2
Rad8 12. a4 Nd5 13. Ng4 Qb6 14. a5 Qa6 15. Nfe5 Be8 16. f5 Nxe5 17. Nxe5 Bf6
18. Nc4 Bb5 19. fxe6 Bxc4 20. Rxf6 Nxf6 21. e7 Bd5 22. exf8=Q+ Kxf8 23. Bxd5
Rxd5 24. Qf3 {Merchiers,K-Kaspret,G Groningen 1979 0-1 (79)}) ({RR} 9... Qc7
10. b3 e5 11. fxe5 Nxe5 12. Bb2 Neg4 13. Nd3 c4 14. bxc4 Qxc4 15. h3 Nh6 16.
Nfe5 Qe6 17. Qf3 Nf5 18. Kh1 Nh5 19. Rf2 Nhxg3+ 20. Kg1 Qb6 21. Nc4 Qb5 22. Ne3
f6 23. Nd5 Qd7 24. Nxe7+ {Dobrzanski,P-Slezak,R (2165) Straszecin 1999 1-0 (31)
}) 10. Nd3 Qc7 11. Re1 Rfd8 12. Nde5 Nxe5 13. Nxe5 Be8 14. Qf3 Nd5 15. a3 c4
16. d4 cxd3 17. cxd3 Qa5 18. Rf1 Rac8 19. f5 Qc5+ 20. Kh1 f6 21. Ng4 e5 22. h4
Bc6 23. Qe2 Qb5 24. h5 Nc7 25. Bxc6 Qxc6+ 26. Kh2 Nb5 27. Kh3 Nd4 28. Qe4 Qe8
29. h6 Rc2 30. Nf2 Qh5+ 31. Kg2 Qxf5 32. Qxb7 Rd7 33. Qe4 Qxe4+ 34. dxe4 Nb3
35. Rb1 Bc5 36. Kf3 Bxf2 37. Rxf2 Rxf2+ 38. Kxf2 Rd1 39. hxg7 Rxc1 40. Rxc1
Nxc1 41. Ke3 Nb3 42. Kd3 Nc5+ 43. Ke3 Kxg7 44. b4 Ne6 45. Kd3 Kf7 46. Kc4 Ke7
47. Kd5 Kd7 48. a4 Nd4 49. g4 Nc2 50. b5 Ne3+ 51. Kc5 Kc7 52. a5 Nxg4 53. b6+
axb6+ 54. axb6+ Kb7 55. Kd5 h5 56. Ke6 h4 57. Kf5 h3 58. Kxg4 h2 59. Kf5 h1=Q
60. Kxf6 Qxe4 61. Ke6 Kxb6 62. Kd6 Kb5 63. Ke6 Kc6 64. Ke7 Qf5 65. Ke8 e4 66.
Ke7 e3 67. Ke8 e2 68. Ke7 e1=Q+ 69. Kd8 Qd7# 0-1

[Event "Floripa Chess Open 2024"]
[Site "Florianopolis"]
[Date "2024.01.22"]
[Round "3.127"]
[White "Menezes, Jose Eduardo Carnei"]
[Black "Caetano, Heitor Luiz"]
[Result "1-0"]
[WhiteElo "1813"]
[BlackElo "1431"]
[PlyCount "35"]
[EventDate "2024.01.20"]
[EventRounds "10"]
[EventCountry "BRA"]

1. e4 c6 2. d4 d5 3. Nc3 dxe4 4. Nxe4 Nd7 5. Qe2 Ndf6 6. c3 Nxe4 7. Qxe4 Nf6 8.
Qd3 ({RR} 8. Qc2 Qd5 9. Nf3 Bf5 10. Qb3 Qxb3 11. axb3 a6 12. b4 Rd8 13. Bf4 Nd5
14. Bg3 e6 15. Bc4 Be7 16. O-O g5 17. Rfe1 h5 18. h4 g4 19. Ne5 f6 20. Bxa6
fxe5 21. Bxe5 bxa6 22. Bxh8 Kd7 {Totsky,L (2490)-Shovunov,B (2475) Maikop 1998
1/2-1/2 (45)}) 8... g6 ({RR} 8... Qd5 9. Nf3 Qe4+ 10. Qxe4 Nxe4 11. Be3 Nd6 12.
Bd3 Bf5 13. Bxf5 Nxf5 14. O-O-O e6 15. Rhe1 Bd6 16. Nd2 O-O-O 17. h3 h5 18. Kc2
Rhe8 19. Nc4 Bc7 20. Bc1 g6 21. a4 b6 22. Bg5 Rd7 23. g4 {Hauge,L (2483)
-Molina,R (2434) chess.com INT 2021 0-1 (40)}) 9. Nf3 $146 ({RR} 9. Bg5 Bf5 10.
Qe3 Bg7 11. Nf3 O-O 12. Bd3 Bxd3 13. Qxd3 Re8 14. O-O-O b5 15. h4 a5 16. Kb1
Qd5 17. Rde1 Ng4 18. Qc2 e5 19. dxe5 Nxe5 20. Rd1 Qc4 21. b3 Qg4 22. Nxe5 Rxe5
23. f3 Qe6 {Cuper,J-Turna,D Slovakia 1997 0-1 (41)}) 9... Bf5 10. Qd1 Bg7 11.
Bc4 Bg4 12. Bxf7+ Kxf7 13. Ne5+ Ke8 14. Nxg4 Rf8 15. O-O Kf7 16. Qb3+ Qd5 17.
Ne5+ Kg8 18. Qxb7 1-0

[Event "Floripa Chess Open 2024"]
[Site "Florianopolis"]
[Date "2024.01.22"]
[Round "3.128"]
[White "Da Fonseca Pinto, Joao Gabriel Alves"]
[Black "Fernandes, Beatriz"]
[Result "1/2-1/2"]
[WhiteElo "1808"]
[BlackElo "1431"]
[PlyCount "31"]
[EventDate "2024.01.20"]
[EventRounds "10"]
[EventCountry "BRA"]

1. e4 c5 2. Nf3 d6 3. d4 cxd4 4. Nxd4 Nf6 5. Nc3 a6 6. f3 e5 7. Nb3 Be6 8. Be3
Nbd7 9. Qd2 b5 10. O-O-O Be7 11. g4 b4 12. Nd5 Bxd5 13. exd5 Nb6 14. Na5 Nbxd5
15. Nc6 Qc7 16. Nxe7 1/2-1/2

[Event "Floripa Chess Open 2024"]
[Site "Florianopolis"]
[Date "2024.01.22"]
[Round "3.129"]
[White "Pontes, Luiz Felizola Lima"]
[Black "Samaniego, Diego Pinheiro"]
[Result "1/2-1/2"]
[WhiteElo "1430"]
[BlackElo "1806"]
[PlyCount "88"]
[EventDate "2024.01.20"]
[EventRounds "10"]
[EventCountry "BRA"]

1. e4 c5 2. Nf3 d6 3. d4 cxd4 4. Nxd4 Nf6 5. f3 g6 6. c4 Bg7 7. Nc3 O-O 8. Be3
Nc6 9. Be2 a6 10. O-O Rb8 ({RR} 10... Be6 11. Rc1 Rc8 12. b3 Nd7 13. Qd2 Nxd4
14. Bxd4 Qa5 15. Bxg7 Kxg7 16. f4 f5 17. Bf3 fxe4 18. Qd4+ Kg8 19. Qxe4 Nc5 20.
Qe3 Bf7 21. Qxe7 Nd3 22. Nd5 Qc5+ 23. Kh1 Nxc1 24. Qxb7 Nd3 25. Ne7+ {Malakhov,
V (2694)-Vavulin,M (2441) Moscow 2015 0-1 (44)}) ({RR} 10... Qb6 11. Qd2 Ng4
12. Nxc6 Nxe3 13. Nxe7+ Kh8 14. Rf2 Bd4 15. Kh1 Ng4 16. Rff1 Nf2+ 17. Rxf2 Bxf2
18. Rd1 Be6 19. Qf4 Bd4 20. Na4 Qa5 21. b3 Rac8 22. Qxd6 Rfd8 23. Qf4 Be5 24.
Qe3 Rxd1+ 25. Bxd1 {Arkhipov,V (2056)-Podolskii,M (1557) St Petersburg RUS
2019 1-0}) 11. Qd2 Re8 12. Rfd1 Qa5 $146 ({RR} 12... Nd7 13. Rac1 Nc5 14. Nxc6
bxc6 {1-0 (14) Plomberger,R-Nussbaumer,F Schwarzach 2000}) 13. Nb3 Qc7 14. Rac1
Na5 15. Nd5 Nxd5 16. cxd5 Nxb3 17. Rxc7 Nxd2 18. Rxd2 b5 19. b4 e6 20. dxe6
Bxe6 21. Ra7 Bc3 22. Rxd6 Bxb4 23. Rdxa6 Bc4 24. Bxc4 bxc4 25. Rc6 c3 26. Bd4
Red8 27. Bxc3 Bxc3 28. Rxc3 Rb2 29. h4 Rdd2 30. Kh2 Rxg2+ 31. Kh3 Rxa2 32. Rcc7
Rxa7 33. Rxa7 Rg1 34. Kh2 Re1 35. Kg3 h5 36. Kf4 Kg7 37. e5 Re2 38. Ra4 Re1 39.
Re4 Rxe4+ 40. Kxe4 f6 41. exf6+ Kxf6 42. Kf4 Kf7 43. Kg5 Kg7 44. f4 Kf7 1/2-1/2